000 00517nam a22001817a 4500
005 20251108171842.0
008 250721s9999 xx 000 0 ara d
082 1 4 _a618.3/هدى
100 1 _aأصفهاني، هدى
245 1 0 _aفي إنتظار الحادث السعيد /
264 1 _aبيروت :
_bدار الشرق العربي،
300 _a239ص
490 0 _aكتاب المرأة العصرية ؛ 5
650 1 7 _aالحمل
650 1 7 _aالولادة
942 _2ddc
_cBK
999 _c64265
_d64265